<?xml version="1.0" encoding="UTF-8"?>
<marc:record xmlns:marc="http://www.loc.gov/MARC21/slim">
   <marc:leader>00000nam a2200000 a 4500</marc:leader>
   <marc:datafield ind1="1" ind2=" " tag="100">
      <marc:subfield code="a">Grasberger, Ulrich</marc:subfield>
      <marc:subfield code="4">aut</marc:subfield>
      <marc:subfield code="e">Verfasser/-in</marc:subfield>
   </marc:datafield>
   <marc:datafield ind1=" " ind2=" " tag="653">
      <marc:subfield code="a">Energiesparen</marc:subfield>
   </marc:datafield>
   <marc:datafield ind1=" " ind2=" " tag="653">
      <marc:subfield code="a">Energiekosten</marc:subfield>
   </marc:datafield>
   <marc:datafield ind1=" " ind2=" " tag="653">
      <marc:subfield code="a">Energieverbrauch</marc:subfield>
   </marc:datafield>
   <marc:datafield ind1=" " ind2=" " tag="653">
      <marc:subfield code="a">Energiespartipps</marc:subfield>
   </marc:datafield>
   <marc:datafield ind1=" " ind2=" " tag="653">
      <marc:subfield code="a">Softcover / Ratgeber/Lebenshilfe</marc:subfield>
   </marc:datafield>
   <marc:datafield ind1=" " ind2=" " tag="653">
      <marc:subfield code="a">Alltag/Praktische Anleitungen</marc:subfield>
   </marc:datafield>
   <marc:datafield ind1=" " ind2=" " tag="653">
      <marc:subfield code="a">Ratgeber</marc:subfield>
   </marc:datafield>
   <marc:datafield ind1="0" ind2="0" tag="245">
      <marc:subfield code="a">Energie und Geld sparen</marc:subfield>
   </marc:datafield>
   <marc:datafield ind1="0" ind2="0" tag="245">
      <marc:subfield code="b">die besten Tipps &amp; Infos</marc:subfield>
   </marc:datafield>
   <marc:datafield ind1="0" ind2="0" tag="245">
      <marc:subfield code="c">Ulrich Grasberger</marc:subfield>
   </marc:datafield>
   <marc:datafield ind1=" " ind2="1" tag="264">
      <marc:subfield code="a">Rottenburg</marc:subfield>
      <marc:subfield code="b">Kopp Verlag</marc:subfield>
   </marc:datafield>
   <marc:datafield ind1=" " ind2=" " tag="250">
      <marc:subfield code="a">1. Auflage</marc:subfield>
   </marc:datafield>
   <marc:datafield ind1="1" ind2=" " tag="520">
      <marc:subfield code="a">Angaben aus der Verlagsmeldung

Energie und Geld sparen : Die besten Tipps &amp; Infos / von Ulrich Grasberger

Wie Sie Ihre Energiekosten spürbar senken
Den Energiedieben auf der Spur

Dieses Buch zeigt Ihnen, was zu tun ist, um den Energieverbrauch zu senken, ohne an Luxus und Bequemlichkeit zu verlieren! Durch die Anwendung der richtigen Methoden lässt sich jeden Monat eine Menge Geld einsparen.

Nein, wir sind Gasversorgern und Energieunternehmen oder übellaunigen Politikern nicht ganz schutzlos ausgeliefert. Verbraucher haben die Möglichkeit, durch geschicktes Verhalten Energie einzusparen. Das hilft dem eigenen Geldbeutel und auch der Natur.

Das spart Kosten und Energie

Unser Lebensstil ist mit einem hohen Energieverbrauch verbunden. Aber mit manchmal mehr und oft mit wenig Aufwand lassen sich schnell 10 und mehr Prozent der Energierechnung in unserem Haushalt einsparen. Sogar Kleinigkeiten summieren sich mit der Zeit. Schlaue Spartipps im Buch helfen dabei, die eigenen Einsparpotenziale herauszufinden.

Kleine Tipps mit großer Wirkung

Sehen Sie beim Lesen der besten Energiespartipps weniger den erhobenen Zeigefinger als vielmehr die Entdeckerlaune für clevere Tipps, die zu Ihnen als Verbraucher und zu Ihrer Lebensweise passen. Sie sollen ja nicht verzichten, sondern Spaß dabei haben, sich selbst und die Umwelt neu und bewusst zu erleben. Und wenn Sie dabei langfristig auch noch mehr Geld in der Tasche haben für die schönen Dinge des Lebens, die Sie sich schon immer wünschen, dann ist das doch eine Win-win-Situation für alle Beteiligten - inklusive der Natur.

Clever sparen macht sogar Spaß

</marc:subfield>
   </marc:datafield>
   <marc:datafield ind1=" " ind2=" " tag="020">
      <marc:subfield code="a">9783864458934</marc:subfield>
      <marc:subfield code="9">9783864458934</marc:subfield>
   </marc:datafield>
   <marc:datafield ind1=" " ind2=" " tag="020">
      <marc:subfield code="a">3864458935</marc:subfield>
      <marc:subfield code="9">3864458935</marc:subfield>
   </marc:datafield>
   <marc:datafield ind1=" " ind2=" " tag="041">
      <marc:subfield code="a">ger</marc:subfield>
   </marc:datafield>
   <marc:datafield ind1=" " ind2=" " tag="300">
      <marc:subfield code="a">128 Seiten</marc:subfield>
   </marc:datafield>
</marc:record>
